[Event "SZKOLNE INDYWIDUALNE MISTRZOSTWA POLSKI "]
[Site "Pokrzywna"]
[Date "2024.??.??"]
[Round "1.1"]
[White "Tkacz, Katarzyna"]
[Black "Kochanowska, Patrycja"]
[Result "0-1"]
[WhiteElo "1225"]
[BlackElo "1386"]
[PlyCount "102"]
[EventDate "2024.??.??"]

1. d4 d5 2. Bf4 Bf5 3. e3 e6 4. c3 Bd6 5. Bg3 Nf6 6. Nd2 c6 7. Ngf3 Qc7 8. Bxd6
Qxd6 9. h3 Nbd7 10. Nh4 Bg6 11. b4 a6 12. a4 b6 13. Nxg6 hxg6 14. a5 b5 15. Bd3
g5 16. g4 e5 17. Nb3 e4 18. Bc2 Rh4 19. Kd2 Ke7 20. Qg1 Rah8 21. Qg2 Ne8 22.
Raf1 Qe6 23. f3 Nd6 24. fxe4 Nxe4+ 25. Bxe4 Qxe4 26. Qg3 Rc8 27. Qf3 Qxf3 28.
Rxf3 Rch8 29. Nc5 Nxc5 30. dxc5 Rxg4 31. hxg4 Rxh1 32. Rg3 Ke6 33. Kd3 Ke5 34.
Rf3 f6 35. Rf5+ Ke6 36. e4 dxe4+ 37. Kxe4 Rh4 38. Kd3 Rxg4 39. Rf3 f5 40. Re3+
Kf7 41. Re5 f4 42. Ke4 g6 43. Kd4 f3+ 44. Ke3 Rf4 45. Kf2 g4 46. Re1 g3+ 47.
Kxg3 f2 48. Rf1 g5 49. Kg2 Ke6 50. Rxf2 Rxf2+ 51. Kxf2 Kd5 0-1

[Event "SZKOLNE INDYWIDUALNE MISTRZOSTWA POLSKI "]
[Site "Pokrzywna"]
[Date "2024.??.??"]
[Round "1.2"]
[White "Gorecka, Zuzanna"]
[Black "Gorska, Amelia"]
[Result "1-0"]
[WhiteElo "1339"]
[BlackElo "1208"]
[PlyCount "151"]
[EventDate "2024.??.??"]

1. d4 d5 2. c4 e6 3. Nf3 c5 4. cxd5 exd5 5. g3 Nc6 6. Bg2 Nf6 7. O-O Bf5 8. Nc3
h6 9. Bf4 Be7 10. dxc5 Bxc5 11. Qb3 Qd7 12. Ne5 Nxe5 13. Bxe5 Ng4 14. Bf4 d4
15. Na4 Be7 16. Bxb7 Rd8 17. Ba6 O-O 18. Rac1 g5 19. Bc7 Be6 20. Qc2 Rde8 21.
b3 h5 22. Qd2 h4 23. Nc5 Qd5 24. Bb7 Qf5 25. Qxd4 Bxc5 26. Rxc5 Qf6 27. Qxf6
Nxf6 28. Rxg5+ Kh7 29. gxh4 Rg8 30. Be5 Nd7 31. Bd4 a5 32. f4 f6 33. Rxg8 Rxg8+
34. Kf2 Rg4 35. Ke3 Rxh4 36. f5 Bf7 37. Bc8 Ne5 38. Bxe5 fxe5 39. Rf2 Kg7 40.
f6+ Kf8 41. h3 Bd5 42. Bg4 Kf7 43. Rf5 Be6 44. Rxe5 Bxg4 45. hxg4 Rxg4 46. Rxa5
Kxf6 47. Kf3 Rd4 48. e4 Rd3+ 49. Kf4 Rh3 50. Ra6+ Ke7 51. Ke5 Rh5+ 52. Kd4 Rh4
53. Kd5 Rh5+ 54. e5 Rh1 55. Ra7+ Kd8 56. b4 Rb1 57. a3 Rd1+ 58. Ke6 Rh1 59.
Ra8+ Kc7 60. b5 Rh6+ 61. Kd5 Rh5 62. a4 Rg5 63. a5 Kb7 64. Rh8 Rg7 65. Rh6 Rd7+
66. Rd6 Rh7 67. a6+ Ka7 68. Kc6 Rh8 69. Rd7+ Kb8 70. b6 Ka8 71. e6 Rc8+ 72. Kd6
Re8 73. e7 Rc8 74. Rd8 Rb8 75. Rxb8+ Kxb8 76. e8=Q# 1-0

[Event "SZKOLNE INDYWIDUALNE MISTRZOSTWA POLSKI "]
[Site "Pokrzywna"]
[Date "2024.??.??"]
[Round "1.3"]
[White "Michniak, Julia"]
[Black "Krzysztynska, Maria"]
[Result "0-1"]
[WhiteElo "1201"]
[BlackElo "1319"]
[PlyCount "72"]
[EventDate "2024.??.??"]

1. e4 d5 2. exd5 Qxd5 3. Nc3 Qa5 4. d4 Nf6 5. h3 Bf5 6. Bd3 Bg6 7. Nf3 e6 8.
Ne5 Bd6 9. Nxg6 hxg6 10. Qe2 a6 11. Bd2 Qb6 12. d5 Rh5 13. f4 Nxd5 14. Nxd5
Rxd5 15. c4 Rh5 16. g4 Rh8 17. Rb1 Nc6 18. a3 a5 19. Bc3 Kf8 20. Qf3 Re8 21.
Kd2 Nd4 22. Bxd4 Qxd4 23. Rhf1 Rd8 24. f5 Bf4+ 25. Kc2 gxf5 26. gxf5 e5 27.
Rfe1 Rh6 28. Re4 Qd6 29. Rd1 Qb6 30. Rb1 Rhd6 31. Rd1 a4 32. Rxf4 Qb3+ 33. Kc1
exf4 34. Re1 Rxd3 35. Qh5 Rxh3 36. Qe2 Qe3+ 0-1

[Event "SZKOLNE INDYWIDUALNE MISTRZOSTWA POLSKI "]
[Site "Pokrzywna"]
[Date "2024.??.??"]
[Round "1.4"]
[White "Opalka, Marta"]
[Black "Skorupa, Antonina"]
[Result "1-0"]
[WhiteElo "1278"]
[BlackElo "1187"]
[PlyCount "119"]
[EventDate "2024.??.??"]

1. c4 c5 2. Nc3 e6 3. e4 Nc6 4. g3 Nf6 5. Bg2 Be7 6. d3 O-O 7. Nge2 Qc7 8. O-O
a6 9. f4 d6 10. h3 Bd7 11. g4 g6 12. Qe1 Nb4 13. Qg3 Bc6 14. f5 e5 15. Bh6 Rfe8
16. Rac1 Bd7 17. Bg5 Qd8 18. a3 Nc6 19. Qh4 h6 20. Qxh6 Nxg4 21. Bxe7 Nxh6 22.
Bxd8 Raxd8 23. Nd5 Kg7 24. fxg6 fxg6 25. Rf6 Re6 26. Rcf1 Rxf6 27. Rxf6 Be8 28.
Kh2 Bf7 29. Rf2 Ng8 30. Kg3 Nge7 31. Nf6 Na5 32. Nc3 Nb3 33. Ncd5 Nxd5 34. exd5
Nd4 35. Kg4 b5 36. Ne4 Nf5 37. Kg5 Ne3 38. b3 Rh8 39. Bf3 Nf5 40. Bg4 Rd8 41.
Bxf5 gxf5 42. Rxf5 Bg6 43. Rf6 Bxe4 44. dxe4 bxc4 45. bxc4 a5 46. h4 a4 47. h5
Kh7 48. h6 Rd7 49. Kf5 Kh8 50. Kg6 Rd8 51. Kf7 Rd7+ 52. Ke6 Rb7 53. Kxd6 Rb3
54. Kxc5 Rxa3 55. Kb4 Ra1 56. Ra6 Re1 57. d6 Rxe4 58. d7 Rd4 59. Ra8+ Kh7 60.
d8=Q 1-0

[Event "SZKOLNE INDYWIDUALNE MISTRZOSTWA POLSKI "]
[Site "Pokrzywna"]
[Date "2024.??.??"]
[Round "1.5"]
[White "Stolarz, Anna"]
[Black "Wisniewska, Blanka"]
[Result "0-1"]
[WhiteElo "1056"]
[BlackElo "1267"]
[PlyCount "52"]
[EventDate "2024.??.??"]

1. d4 d5 2. c4 e6 3. Nc3 Nf6 4. Bg5 Be7 5. cxd5 exd5 6. e3 O-O 7. Bd3 b6 8. Qc2
h6 9. Bh4 Bb7 10. Nf3 Nbd7 11. O-O c5 12. dxc5 Nxc5 13. Be2 Nfe4 14. Bxe7 Qxe7
15. Rfd1 Rfd8 16. Nd4 Qf6 17. Bf3 Rac8 18. Nxe4 dxe4 19. Bg4 Rb8 20. Be2 Qg5
21. b4 Nd3 22. b5 Ne5 23. g3 Nf3+ 24. Bxf3 exf3 25. Qa4 Qh5 26. Kf1 Qxh2 0-1

[Event "SZKOLNE INDYWIDUALNE MISTRZOSTWA POLSKI "]
[Site "Pokrzywna"]
[Date "2024.??.??"]
[Round "2.1"]
[White "Kochanowska, Patrycja"]
[Black "Opalka, Marta"]
[Result "1-0"]
[WhiteElo "1386"]
[BlackElo "1278"]
[PlyCount "174"]
[EventDate "2024.??.??"]

1. e4 c5 2. Nf3 d6 3. c3 Nf6 4. Bd3 g6 5. h3 Bg7 6. Bc2 Nc6 7. d3 O-O 8. O-O
Nd7 9. Be3 a6 10. Nbd2 b5 11. a3 Bb7 12. d4 cxd4 13. cxd4 Rc8 14. b3 Qc7 15.
Bd3 Rfe8 16. a4 Nb4 17. Qb1 Qc3 18. Be2 Nc2 19. Rc1 Qxa1 20. Qxa1 Nxa1 21. Rxa1
Nf6 22. axb5 axb5 23. Bxb5 Red8 24. e5 dxe5 25. dxe5 Nd5 26. Ra7 Nxe3 27. Rxb7
Nf5 28. Bc4 Rb8 29. Ra7 Ra8 30. Rb7 Rab8 31. Ra7 Bh6 32. Ne4 Ra8 33. Rb7 Rdb8
34. Rd7 Rd8 35. Rb7 Rab8 36. Rxb8 Rxb8 37. g4 Ne3 38. fxe3 Bxe3+ 39. Kf1 h6 40.
g5 h5 41. e6 fxe6 42. Bxe6+ Kg7 43. Bc4 Rb6 44. Ke2 Bf4 45. Nc5 Bd6 46. Ne6+
Kf7 47. Nfd4 Ke8 48. Nb5 Rb7 49. Nbd4 Rb6 50. Nc6 Kd7 51. Ncd4 Ke8 52. Kf3 Be5
53. Ke4 Bxd4 54. Kxd4 Kd7 55. Nf4 Rd6+ 56. Ke5 Rb6 57. Be6+ Kc6 58. Nxg6 Rb5+
59. Kf4 Kd6 60. Bc4 Rb8 61. Nh4 Rf8+ 62. Ke4 e6 63. g6 Rg8 64. Be2 Rh8 65. b4
Ke7 66. Ke5 Rb8 67. b5 Rb6 68. Bc4 Kf8 69. Bxe6 Kg7 70. Bc4 Rf6 71. Bd5 Rb6 72.
Bc6 Rb8 73. Ke6 Rb6 74. Kd7 Rb8 75. Kc7 Rg8 76. b6 Kh6 77. b7 Rg7+ 78. Bd7 Rg8
79. b8=Q Rxb8 80. Kxb8 Kg7 81. Kc7 Kf6 82. Kd6 Kg7 83. Ke7 Kh8 84. Kf6 Kg8 85.
Nf5 h4 86. Ne7+ Kh8 87. g7+ Kh7 1-0

[Event "SZKOLNE INDYWIDUALNE MISTRZOSTWA POLSKI "]
[Site "Pokrzywna"]
[Date "2024.??.??"]
[Round "2.2"]
[White "Wisniewska, Blanka"]
[Black "Gorecka, Zuzanna"]
[Result "1/2-1/2"]
[WhiteElo "1267"]
[BlackElo "1339"]
[PlyCount "65"]
[EventDate "2024.??.??"]

1. e4 e6 2. d4 d5 3. Nd2 Be7 4. Ngf3 Nf6 5. e5 Nfd7 6. Bd3 c5 7. c3 Nc6 8. b3
cxd4 9. cxd4 f6 10. exf6 Nxf6 11. O-O O-O 12. Bb2 Qd6 13. Ne5 b6 14. Ndf3 Bb7
15. Rc1 Rac8 16. Qe2 Nb4 17. Bb1 Ba6 18. Bd3 Bxd3 19. Nxd3 Nxa2 20. Ra1 Nc3 21.
Qe1 Nb5 22. Ng5 Rc6 23. Ne5 Rc2 24. Nd3 Ne4 25. Nxe4 dxe4 26. Qxe4 Bf6 27. Rfe1
Re8 28. b4 Re7 29. h3 Bxd4 30. Bxd4 Qxd4 31. Qa8+ Kf7 32. Qf3+ Kg8 33. Qa8+
1/2-1/2

[Event "SZKOLNE INDYWIDUALNE MISTRZOSTWA POLSKI "]
[Site "Pokrzywna"]
[Date "2024.??.??"]
[Round "2.4"]
[White "Skorupa, Antonina"]
[Black "Tkacz, Katarzyna"]
[Result "0-1"]
[WhiteElo "1187"]
[BlackElo "1225"]
[PlyCount "147"]
[EventDate "2024.??.??"]

1. Nf3 c5 2. c4 g6 3. Nc3 Bg7 4. e3 e6 5. d4 cxd4 6. exd4 d5 7. cxd5 exd5 8.
Bb5+ Bd7 9. Qe2+ Qe7 10. Nxd5 Qxe2+ 11. Bxe2 Kd8 12. O-O h6 13. Bf4 Nc6 14. Nc7
Rc8 15. Nb5 Be6 16. Rfd1 Nge7 17. Nd6 Rc7 18. Ne5 Nxe5 19. dxe5 Nd5 20. Bg3 Ke7
21. Bf3 Nb4 22. Rac1 Rxc1 23. Rxc1 Rd8 24. Rc7+ Rd7 25. Rxd7+ Kxd7 26. a3 Nd3
27. Bxb7 Nxb2 28. Bc8+ Ke7 29. Bxe6 Kxe6 30. f4 a5 31. Kf1 Bf8 32. Ke2 Bxd6 33.
exd6 f5 34. Be1 a4 35. Bb4 g5 36. fxg5 hxg5 37. g3 g4 38. Ke3 Nc4+ 39. Kf4 Nb6
40. Kg5 Nd7 41. Kh4 Ne5 42. Kg5 Nd3 43. d7 Kxd7 44. Bf8 Ke6 45. Kg6 Ne5+ 46.
Kg5 Nf3+ 47. Kf4 Nxh2 48. Bc5 Nf3 49. Bf2 Ne5 50. Bd4 Nc4 51. Bc5 Nd2 52. Bf8
Ne4 53. Bb4 Nf6 54. Bf8 Nh5+ 55. Kg5 Nxg3 56. Kf4 Ne4 57. Bg7 Nf6 58. Bf8 Nd5+
59. Kg3 Ke5 60. Bc5 Ke4 61. Bd6 Nc3 62. Bb4 Nd5 63. Bd6 Ne3 64. Bc5 f4+ 65. Kf2
g3+ 66. Ke2 f3+ 67. Ke1 f2+ 68. Kd2 f1=Q 69. Bxe3 g2 70. Bc5 g1=R 71. Kc2 Qf3
72. Bxg1 Qg2+ 73. Kb1 Qxg1+ 74. Ka2 0-1

[Event "SZKOLNE INDYWIDUALNE MISTRZOSTWA POLSKI "]
[Site "Pokrzywna"]
[Date "????.??.??"]
[Round "2.5"]
[White "Gorska, Amelia"]
[Black "Stolarz, Anna"]
[Result "1-0"]
[WhiteElo "1208"]
[BlackElo "1056"]
[PlyCount "141"]

1. e4 e6 2. d4 d5 3. Nc3 Nf6 4. Bg5 Be7 5. e5 Nfd7 6. h4 Bxg5 7. hxg5 a6 8. f4
c5 9. Nf3 Nc6 10. dxc5 Nxc5 11. a3 b5 12. Nd4 Bd7 13. Nxc6 Bxc6 14. Qd4 Na4 15.
b3 Qb6 16. Qxb6 Nxb6 17. Ne2 O-O 18. Nd4 Rfc8 19. Bd3 g6 20. Kd2 Nd7 21. Rh3
Bb7 22. Rah1 Nf8 23. R1h2 Rc7 24. g3 Kg7 25. Rh4 Kg8 26. Ne2 Rac8 27. Ng1 a5
28. Ke3 b4 29. a4 Rc6 30. Nh3 Ba6 31. Bxa6 Rxa6 32. Rd2 Rc3+ 33. Kd4 Rac6 34.
Ng1 Rxc2 35. Rxc2 Rxc2 36. Nf3 Rc3 37. Nd2 Rxg3 38. Kc5 Rg2 39. Nf3 Rg3 40. Nd2
Rd3 41. Rh2 Rc3+ 42. Kb5 Rc8 43. Kxa5 Rb8 44. Nf3 Nd7 45. Nd4 Nc5 46. Rc2 Nd3
47. Ne2 Kg7 48. Rc6 Kf8 49. Ka6 Ke8 50. Ka7 Rd8 51. a5 Rd7+ 52. Kb8 Rd8+ 53.
Kb7 Rd7+ 54. Kb8 Rd8+ 55. Kb7 Rd7+ 56. Kb6 d4 57. a6 Nxe5 58. Rc8+ Ke7 59. Nxd4
Rd6+ 60. Kb7 Rxd4 61. fxe5 Rd5 62. a7 Rb5+ 63. Ka6 Rxe5 64. a8=Q Rxg5 65. Rc7+
Kf6 66. Qd8+ Kf5 67. Rxf7+ Kg4 68. Rxh7 Rf5 69. Qd4+ Kg5 70. Qxb4 Rf4 71. Qe7+
1-0

[Event "SZKOLNE INDYWIDUALNE MISTRZOSTWA POLSKI "]
[Site "Pokrzywna"]
[Date "2024.??.??"]
[Round "2.6"]
[White "Orlowska, Aleksandra"]
[Black "Michniak, Julia"]
[Result "1-0"]
[WhiteElo "1115"]
[BlackElo "1201"]
[PlyCount "107"]
[EventDate "2024.??.??"]

1. e4 e5 2. Nf3 Nc6 3. d4 exd4 4. Bc4 Bb4+ 5. c3 dxc3 6. bxc3 Ba5 7. O-O Nf6 8.
e5 d5 9. Bb5 Ne4 10. c4 a6 11. cxd5 axb5 12. dxc6 Qxd1 13. Rxd1 bxc6 14. Nd4
Bb7 15. Bb2 Bb6 16. Nd2 Nxd2 17. Rxd2 O-O 18. Nf5 Rfd8 19. Rxd8+ Rxd8 20. h3
Rd2 21. Ba3 g6 22. Ne3 Bxe3 23. fxe3 c5 24. Bxc5 Rxg2+ 25. Kf1 Rh2 26. Re1 Rxh3
27. e4 Rh1+ 28. Bg1 Rh4 29. Rc1 Rf4+ 30. Bf2 c6 31. Re1 c5 32. Kg1 c4 33. Rb1
Bc6 34. Rd1 Rxe4 35. Bc5 Rg4+ 36. Kf2 Rg2+ 37. Kf1 h5 38. Rd8+ Kh7 39. Rc8 Bd5
40. Rd8 Be4 41. Rd7 Rg4 42. Rxf7+ Kg8 43. Re7 Rf4+ 44. Ke2 Bd3+ 45. Kd2 Rf7 46.
Re8+ Kg7 47. e6 Rf4 48. e7 Re4 49. Rf8 Re2+ 50. Kc3 Rc2+ 51. Kd4 Rd2 52. e8=Q
Bf1+ 53. Kc3 Rd3+ 54. Kb4 1-0

[Event "SZKOLNE INDYWIDUALNE MISTRZOSTWA POLSKI "]
[Site "Pokrzywna"]
[Date "2024.??.??"]
[Round "3.1"]
[White "Krzysztynska, Maria"]
[Black "Kochanowska, Patrycja"]
[Result "0-1"]
[WhiteElo "1319"]
[BlackElo "1386"]
[PlyCount "64"]
[EventDate "2024.??.??"]

1. e4 c5 2. Nc3 e6 3. f4 d6 4. Nf3 Nc6 5. Bb5 Bd7 6. Bxc6 Bxc6 7. d3 Qc7 8. O-O
Nf6 9. Qe1 Nd7 10. Bd2 Be7 11. Kh1 O-O 12. Qg3 d5 13. Rae1 d4 14. Ne2 f6 15.
Qh3 Qd6 16. Ng3 Rae8 17. Qg4 Rf7 18. f5 e5 19. h4 Bf8 20. h5 Nb6 21. Nh4 c4 22.
Rf3 cxd3 23. cxd3 Nc8 24. h6 Qc7 25. Nh5 Kh8 26. Rg3 Nd6 27. Kh2 Rd8 28. Rh1
Ne8 29. Kg1 Bb5 30. hxg7+ Bxg7 31. Bh6 Rdd7 32. Bd2 Qc2 0-1

[Event "SZKOLNE INDYWIDUALNE MISTRZOSTWA POLSKI "]
[Site "Pokrzywna"]
[Date "2024.??.??"]
[Round "3.2"]
[White "Gorecka, Zuzanna"]
[Black "Orlowska, Aleksandra"]
[Result "1/2-1/2"]
[WhiteElo "1339"]
[BlackElo "1115"]
[PlyCount "120"]
[EventDate "2024.??.??"]

1. d4 Nf6 2. c4 e6 3. Nf3 Bb4+ 4. Bd2 Qe7 5. Nc3 Nc6 6. g3 O-O 7. Bg2 d6 8. O-O
Bd7 9. a3 Bxc3 10. Bxc3 e5 11. dxe5 dxe5 12. Nd2 Rab8 13. b4 a6 14. Nb3 Rfd8
15. Qc2 Qe6 16. Bb2 b6 17. Rfd1 Ne7 18. Qc3 Ng6 19. a4 Bc6 20. f3 Rxd1+ 21.
Rxd1 Bxa4 22. Ra1 Bxb3 23. Qxb3 b5 24. Rc1 bxc4 25. Rxc4 Qb6+ 26. Kf1 Nd5 27.
Re4 Nxb4 28. Bxe5 Nxe5 29. Rxe5 Nc6 30. Qxb6 cxb6 31. Re3 b5 32. f4 Nd4 33. Rd3
Nc2 34. Rc3 Nd4 35. Rd3 Nf5 36. Ke1 b4 37. Bd5 a5 38. Bb3 Kf8 39. Rd5 a4 40.
Bxa4 Ne3 41. Rd3 Nc4 42. Bb3 Na5 43. Kd2 Ke7 44. Kc2 Kf6 45. Kb2 Nxb3 46. Kxb3
Re8 47. Kxb4 Rxe2 48. h3 g5 49. fxg5+ Kxg5 50. Rd5+ Kg6 51. h4 f5 52. Kc3 Re3+
53. Rd3 Rxd3+ 54. Kxd3 Kh5 55. Ke3 Kg4 56. Kf2 f4 57. gxf4 Kxf4 58. Kg2 Kg4 59.
h5 Kxh5 60. Kh3 Kg5 1/2-1/2

[Event "SZKOLNE INDYWIDUALNE MISTRZOSTWA POLSKI "]
[Site "Pokrzywna"]
[Date "2024.??.??"]
[Round "3.3"]
[White "Opalka, Marta"]
[Black "Wisniewska, Blanka"]
[Result "1/2-1/2"]
[WhiteElo "1278"]
[BlackElo "1267"]
[PlyCount "68"]
[EventDate "2024.??.??"]

1. d4 d5 2. Nf3 Nf6 3. e3 e6 4. Bd3 c5 5. b3 Nc6 6. a3 Bd6 7. Bb2 O-O 8. Ne5
cxd4 9. exd4 Qc7 10. f4 Bd7 11. Nd2 Rac8 12. O-O Rfd8 13. Rc1 Qb6 14. Ndf3 Ne8
15. Ng5 Nf6 16. Ngxf7 Be7 17. Nxd8 Rxd8 18. Nf3 Bd6 19. Qd2 e5 20. fxe5 Nxe5
21. Nxe5 Bxe5 22. Kh1 Bc7 23. Qf2 Qd6 24. g3 Bh3 25. Rfe1 Rf8 26. Qd2 Ng4 27.
Kg1 Rf2 28. Re8+ Kf7 29. Re2 Rf3 30. Rce1 Bd8 31. Bb5 Qf6 32. Rg2 Bxg2 33. Qxg2
Ne3 34. Qe2 Be7 1/2-1/2

[Event "SZKOLNE INDYWIDUALNE MISTRZOSTWA POLSKI "]
[Site "Pokrzywna"]
[Date "2024.??.??"]
[Round "3.5"]
[White "Tkacz, Katarzyna"]
[Black "Michniak, Julia"]
[Result "1/2-1/2"]
[WhiteElo "1225"]
[BlackElo "1201"]
[PlyCount "64"]
[EventDate "2024.??.??"]

1. e4 Nf6 2. Nc3 d5 3. e5 Nfd7 4. e6 fxe6 5. d4 Nf6 6. Nf3 g6 7. Bf4 a6 8. Bd3
Bg7 9. Qd2 Nbd7 10. Bh6 Bf8 11. Bxf8 Rxf8 12. Qh6 Rg8 13. g4 Nf8 14. Ne5 c5 15.
O-O-O cxd4 16. Ne2 Qd6 17. Qf4 N8d7 18. Nxd7 Qxf4+ 19. Nxf4 Bxd7 20. h3 e5 21.
g5 exf4 22. gxf6 exf6 23. Be2 Bc6 24. Rxd4 g5 25. Bf3 O-O-O 26. Rhd1 f5 27.
Bxd5 Bxd5 28. Rxd5 Rxd5 29. Rxd5 g4 30. Rxf5 g3 31. fxg3 fxg3 32. Rf1 g2
1/2-1/2

[Event "SZKOLNE INDYWIDUALNE MISTRZOSTWA POLSKI "]
[Site "Pokrzywna"]
[Date "2024.??.??"]
[Round "3.6"]
[White "Stolarz, Anna"]
[Black "Skorupa, Antonina"]
[Result "0-1"]
[WhiteElo "1056"]
[BlackElo "1187"]
[PlyCount "70"]
[EventDate "2024.??.??"]

1. d4 d5 2. Bf4 e6 3. Nf3 Nf6 4. e3 Be7 5. c3 O-O 6. Nbd2 c5 7. Bd3 c4 8. Bc2
b5 9. a3 Nc6 10. Qb1 h6 11. e4 dxe4 12. Nxe4 Nd5 13. Bd2 f5 14. Ng3 Qb6 15. O-O
Bb7 16. Re1 Rf6 17. Ne5 Qd8 18. Nh5 Rf8 19. Nxc6 Bxc6 20. Rxe6 Bd6 21. Ng3 Qc7
22. Re1 f4 23. Ne4 f3 24. Nxd6 Qxd6 25. Bh7+ Kh8 26. Be4 fxg2 27. Bxg2 Nf4 28.
Bxf4 Rxf4 29. Bxc6 Qxc6 30. Re3 Raf8 31. f3 Rxf3 32. Rxf3 Qxf3 33. Qc2 Rf5 34.
h4 Rf4 35. Kh2 Rxh4+ 0-1

[Event "SZKOLNE INDYWIDUALNE MISTRZOSTWA POLSKI "]
[Site "Pokrzywna"]
[Date "2024.??.??"]
[Round "4.1"]
[White "Kochanowska, Patrycja"]
[Black "Gorecka, Zuzanna"]
[Result "1/2-1/2"]
[WhiteElo "1386"]
[BlackElo "1339"]
[PlyCount "125"]
[EventDate "2024.??.??"]

1. e4 c6 2. d4 d5 3. exd5 cxd5 4. h3 Nc6 5. Nf3 Nf6 6. Bd3 e6 7. c3 Be7 8. Bf4
O-O 9. O-O a6 10. Nbd2 b5 11. Nb3 Qb6 12. Qd2 a5 13. a3 Bb7 14. Nc1 b4 15. Nb3
Ba6 16. Bxa6 Rxa6 17. axb4 axb4 18. Rxa6 Qxa6 19. cxb4 Bxb4 20. Qc2 Rc8 21. Ra1
Qb7 22. Qd3 Ne4 23. Qa6 Qxa6 24. Rxa6 f6 25. Rb6 g5 26. Bh2 Kf7 27. g4 Be7 28.
Rb7 Nb4 29. Nc5 Nxc5 30. dxc5 Nc6 31. Bd6 Ke8 32. Bxe7 Nxe7 33. b4 e5 34. Rb6
Kf7 35. Kg2 d4 36. Nd2 Nd5 37. Rb7+ Ke6 38. Ne4 Rc7 39. Rxc7 Nxc7 40. Kf3 h6
41. Ke2 Nb5 42. Kd3 Na3 43. Nd6 Kd5 44. f3 Kc6 45. Ke4 Nc2 46. Kd3 Nxb4+ 47.
Kc4 Nd5 48. Ne4 f5 49. gxf5 Ne3+ 50. Kd3 Nxf5 51. Nf2 Kxc5 52. Ke4 Ng3+ 53.
Kxe5 Kc4 54. f4 gxf4 55. Kxf4 Nh5+ 56. Kf5 Ng3+ 57. Kg4 Ne2 58. Kh5 Kc3 59.
Kxh6 Ng3 60. Kg5 Kd2 61. Kg4 Ne2 62. Kf3 Nc3 63. h4 1/2-1/2

[Event "SZKOLNE INDYWIDUALNE MISTRZOSTWA POLSKI "]
[Site "Pokrzywna"]
[Date "2024.??.??"]
[Round "4.2"]
[White "Wisniewska, Blanka"]
[Black "Krzysztynska, Maria"]
[Result "1-0"]
[WhiteElo "1267"]
[BlackElo "1319"]
[PlyCount "42"]
[EventDate "2024.??.??"]

1. e4 e5 2. Nf3 Nc6 3. Bb5 a6 4. Ba4 Nf6 5. O-O b5 6. Bb3 Be7 7. c3 O-O 8. Re1
d5 9. exd5 Nxd5 10. d4 e4 11. Rxe4 Nf6 12. Re1 Bd6 13. Bg5 Ne7 14. Nbd2 h6 15.
Bxf6 gxf6 16. Ne4 Ng6 17. Nxd6 Qxd6 18. Qd3 Nf4 19. Qe4 Bg4 20. Bc2 f5 21. Qe5
Nh3+ 1-0

[Event "SZKOLNE INDYWIDUALNE MISTRZOSTWA POLSKI "]
[Site "Pokrzywna"]
[Date "2024.??.??"]
[Round "4.3"]
[White "Gorska, Amelia"]
[Black "Opalka, Marta"]
[Result "0-1"]
[WhiteElo "1208"]
[BlackElo "1278"]
[PlyCount "120"]
[EventDate "2024.??.??"]

1. e4 c5 2. Nf3 Nc6 3. d4 cxd4 4. Nxd4 e5 5. Nb5 d6 6. N1c3 a6 7. Na3 b5 8. Nd5
Nce7 9. c4 Nxd5 10. cxd5 f5 11. Bd3 fxe4 12. Bxe4 Nf6 13. Qd3 Be7 14. O-O O-O
15. f3 Bd7 16. Nc2 Rc8 17. Ne3 Qb6 18. Kh1 Nxe4 19. fxe4 Rxf1+ 20. Nxf1 b4 21.
Ng3 Rf8 22. Be3 Qa5 23. a3 Bb5 24. Qd2 Qa4 25. Nf5 Rf7 26. Qxb4 Qxb4 27. axb4
Kf8 28. g3 Bd3 29. Kg1 Bxe4 30. Nxe7 Kxe7 31. Bg5+ Kd7 32. Rxa6 Bxd5 33. Ra7+
Ke6 34. Rxf7 Kxf7 35. b5 Ke6 36. Kf2 Kd7 37. Be3 Be4 38. Ke2 d5 39. Bc5 d4 40.
Bf8 g6 41. Bg7 Kd6 42. b6 Ke6 43. b3 Kd6 44. b4 Ke6 45. Kd2 Kd6 46. Ke2 Bb7 47.
Bf6 Kd5 48. Kd3 e4+ 49. Kd2 Kc4 50. Be7 e3+ 51. Ke2 Kc3 52. Bf6 Ba6+ 53. Ke1
Kd3 54. Be5 Ke4 55. Bf6 d3 56. b7 Bxb7 57. b5 d2+ 58. Ke2 Bd5 59. b6 Bc4+ 60.
Kd1 Bb3+ 0-1

[Event "SZKOLNE INDYWIDUALNE MISTRZOSTWA POLSKI "]
[Site "Pokrzywna"]
[Date "2024.??.??"]
[Round "4.4"]
[White "Orlowska, Aleksandra"]
[Black "Tkacz, Katarzyna"]
[Result "0-1"]
[WhiteElo "1115"]
[BlackElo "1225"]
[PlyCount "104"]
[EventDate "2024.??.??"]

1. e4 c5 2. Nf3 Nc6 3. d4 cxd4 4. Nxd4 g6 5. Nc3 Bg7 6. Be3 Nf6 7. Nxc6 bxc6 8.
e5 Ng8 9. Bd4 c5 10. Bxc5 Qc7 11. Bd4 Bxe5 12. Bxe5 Qxe5+ 13. Qe2 Qxe2+ 14.
Bxe2 Rb8 15. Bc4 Nf6 16. O-O O-O 17. Rfe1 Re8 18. Ne4 Nxe4 19. Rxe4 e6 20. b3
Bb7 21. Rd4 Bc6 22. a4 Rb4 23. c3 Rbb8 24. Rd6 Kf8 25. b4 Ke7 26. Rd2 Rec8 27.
Be2 Bd5 28. Ra3 Rc7 29. Bf3 Bxf3 30. gxf3 Rbc8 31. Rd3 d5 32. Kf1 Kf6 33. Kg2
Rc4 34. b5 Ke5 35. Kg3 a6 36. bxa6 Ra8 37. a5 Rxa6 38. Rd2 Rc5 39. Rda2 Kf5 40.
Ra1 g5 41. R1a2 h5 42. Ra1 e5 43. R1a2 h4+ 44. Kh3 Kf4 45. Kg2 e4 46. fxe4 Kxe4
47. Kh3 f5 48. Re2+ Kf3 49. Rea2 Rc4 50. Ra1 Rh6 51. Rg1 g4+ 52. Rxg4 fxg4# 0-1

[Event "SZKOLNE INDYWIDUALNE MISTRZOSTWA POLSKI "]
[Site "Pokrzywna"]
[Date "2024.??.??"]
[Round "4.6"]
[White "Michniak, Julia"]
[Black "Stolarz, Anna"]
[Result "1-0"]
[WhiteElo "1201"]
[BlackElo "1056"]
[PlyCount "54"]
[EventDate "2024.??.??"]

1. d4 e6 2. Bf4 Nf6 3. Nf3 d5 4. e3 c6 5. Nbd2 Nbd7 6. Ne5 Bd6 7. Nxf7 Kxf7 8.
Bxd6 Nb6 9. Be5 Nbd7 10. Bd3 Kg8 11. h4 Qe7 12. c3 Kf8 13. g4 Nxe5 14. dxe5 Nd7
15. f4 Ke8 16. g5 Kd8 17. c4 Nc5 18. Qc2 Nxd3+ 19. Qxd3 Bd7 20. cxd5 exd5 21.
e4 Qc5 22. exd5 Qxd5 23. Qxd5 cxd5 24. Nb3 Bc6 25. Nd4 g6 26. Rc1 Rc8 27. Kd2
Rf8 1-0

[Event "SZKOLNE INDYWIDUALNE MISTRZOSTWA POLSKI "]
[Site "Pokrzywna"]
[Date "2024.??.??"]
[Round "5.1"]
[White "Wisniewska, Blanka"]
[Black "Kochanowska, Patrycja"]
[Result "1/2-1/2"]
[WhiteElo "1267"]
[BlackElo "1386"]
[PlyCount "73"]
[EventDate "2024.??.??"]

1. e4 c5 2. Nf3 e6 3. d4 cxd4 4. Nxd4 a6 5. Bd3 Qc7 6. Nc3 b5 7. a3 Bb7 8. Be3
Nf6 9. O-O Be7 10. Kh1 O-O 11. f4 d6 12. Qf3 Nbd7 13. Rad1 Nc5 14. Bd2 Rfd8 15.
Qh3 Nxd3 16. Qxd3 Rac8 17. Nb3 d5 18. e5 Ne4 19. Rc1 Nxd2 20. Qxd2 b4 21. Nb1
a5 22. axb4 Bxb4 23. c3 Be7 24. Qe3 Rb8 25. Rf2 Ba6 26. Nd4 Bc5 27. Rfc2 Qb6
28. Nd2 a4 29. N2f3 Rd7 30. h3 g6 31. Qd2 Bc4 32. Ra1 Ra7 33. Kh2 Bb5 34. Kh1
Bd7 35. Kh2 Qb7 36. Ra2 Ra6 37. Kh1 1/2-1/2

[Event "SZKOLNE INDYWIDUALNE MISTRZOSTWA POLSKI "]
[Site "Pokrzywna"]
[Date "2024.??.??"]
[Round "5.2"]
[White "Gorecka, Zuzanna"]
[Black "Tkacz, Katarzyna"]
[Result "0-1"]
[WhiteElo "1339"]
[BlackElo "1225"]
[PlyCount "98"]
[EventDate "2024.??.??"]

1. d4 Nf6 2. c4 g6 3. Nf3 c5 4. g3 cxd4 5. Qxd4 Nc6 6. Qh4 Bg7 7. Nc3 d6 8. Bg2
h6 9. Qf4 Bf5 10. O-O Qd7 11. Rd1 Bc2 12. Re1 Bf5 13. e4 Bh3 14. Rb1 Nh5 15.
Qe3 g5 16. Nb5 Bxg2 17. Kxg2 g4 18. Nfd4 a6 19. Nxc6 Qxc6 20. Na3 Be5 21. b4
Nf6 22. Bb2 Nd7 23. Bd4 h5 24. b5 axb5 25. cxb5 Qc7 26. Rec1 Qd8 27. Rb3 Rg8
28. Rbc3 Bxd4 29. Qxd4 Nc5 30. e5 Ra4 31. Nc4 b6 32. exd6 exd6 33. Nxd6+ Kf8
34. Qd5 Qa8 35. Qxa8+ Rxa8 36. Nc4 Nd7 37. Rd1 Ra7 38. Rd5 Nf6 39. Rf5 Kg7 40.
Nxb6 Kg6 41. Re5 Rxa2 42. Nc8 Rd8 43. Ne7+ Kg7 44. Rf5 Rd1 45. Rc4 Raa1 46.
Rg5+ Kh6 47. Rxh5+ Kxh5 48. Rc5+ Kh6 49. Nf5+ Kh7 0-1

[Event "SZKOLNE INDYWIDUALNE MISTRZOSTWA POLSKI "]
[Site "Pokrzywna"]
[Date "2024.??.??"]
[Round "5.3"]
[White "Opalka, Marta"]
[Black "Krzysztynska, Maria"]
[Result "1/2-1/2"]
[WhiteElo "1278"]
[BlackElo "1319"]
[PlyCount "108"]
[EventDate "2024.??.??"]

1. d4 d5 2. Nf3 e6 3. e3 a6 4. Bd3 Nf6 5. b3 Bd6 6. Bb2 b6 7. Nbd2 Nbd7 8. Ne5
Bb7 9. a3 h5 10. h3 Ne4 11. Nxe4 dxe4 12. Be2 Bxe5 13. dxe5 Qg5 14. Qd4 O-O-O
15. O-O-O Qxg2 16. Rdf1 Nf6 17. Qb4 Nd5 18. Qe1 Qg5 19. Rfg1 Qh6 20. c4 Ne7 21.
h4 Rd7 22. b4 Rhd8 23. Bd4 Rxd4 24. Rxg7 Nf5 25. Rg5 R4d7 26. Rxh5 Qf8 27. Qc3
c5 28. Rg5 Rc7 29. Kb2 Rcd7 30. Kc1 Rc7 31. Kb2 cxb4 32. axb4 Rcd7 33. Kc1 Rc7
34. Kb2 Qe8 35. h5 Qa4 36. Ra1 Qd7 37. Rd1 Qe7 38. Rgg1 Bd5 39. Qb3 Bb7 40. Rh1
Qf8 41. Bg4 Qh8 42. Rxd8+ Kxd8 43. Rd1+ Kc8 44. Qc3 b5 45. c5 Ne7 46. Rd6 Nd5
47. Qd4 Qg7 48. Qxe4 f5 49. exf6 Qxf6+ 50. Qd4 Qxf2+ 51. Kb3 Qxe3+ 52. Qxe3
Nxe3 53. Bxe6+ Kb8 54. Rd8+ Ka7 1/2-1/2